Регионална библиотека "Любен Каравелов" - Русе

Български притчи или пословици и характерни думи (Запис номер 428062)

MARC детайли
000 -Лидер
Контролно поле с фиксирана дължина 01252nam a2200253 c 4500
003 - Код на организацията, давaща контролен номер
Контролно поле BLK
005 - Дата и час на последна редакция
Контролно поле 20240731005409.0
008 - Елементи от данни с фиксирана дължина
fixed length control field 180911b bul|||||r ||||||| ||bul||
040 ## - Източник на каталожния запис
Идентификатор на билиотеката - собственик на записа BLK
041 ## - Код за език
Код за езика на текст/звукозапис или на отделно заглавие Български
Код за езика КДБФ Български
080 ## - УДК
Текстов определител УДК Българска литература
УДК код - определител по УДК 821.163.2
УДК - код + определител 821.163.2-34
100 1# - Редна дума - Автор
Автор Славейков, Петко Рачов
Дати, свързани с автора 1827-1895
Автор - информация (биография) Виден възрожд. деец, участник в борбата за църк. освобожд., просветител, писател, поет, публицист, фолклорист, политик
R(LIN) 121105
139 ## - Редно поле
Редна дума Славейков, Петко Рачов
245 00 - Сведения за заглавието
Заглавие Български притчи или пословици и характерни думи
Подзаглавни данни Ч. 1 - 2
Редно поле (дума) събрани от П. Р. Славейкова
Том Ч. 1
Заглавие на том А - Н
260 ## - Област на издателските данни
Място на издаване, разпространение и проч. Пловдив
Име на издателя, разпространителя и проч. печ. Единство
Година на издаване 1889
300 ## - Физическа характеристика
Страници XXXII, 320 с.
Размери/Мащаб 21 см
380 ## - Жанр
Жанр Худож. лит.
490 ## - СЕРИИ (Колекции)
Име на серия Колекция Редки и ценни издания
9 (RLIN) 435080
505 ## - Форматирана забележка
Заглавие Съдържа и Български притчи : История на събирането им.
852 ## - Местоположение
Форматна сигнатура Рб 889
Фондова буква Редки и ценни
999 ## - СИСТЕМНИ КОНТРОЛНИ НОМЕРА
Koha biblionumber 428062
Koha biblioitemnumber 428062
942 ## - АРТИКУЛИ
Вид на библиотечния материал Книги
Скрит в OPAC Не
Периодичен библиозапис Да
944 ## - СЪЗДАВАНЕ И РЕДАКЦИЯ на ЗАПИСА
Създаване/Редакция Създаване
Дата на регистрацията/редакция 2021-08-12
Служител, извършил регистрацията/редакцията
Статус, дата на статуса CRON CRON
999 ## - СИСТЕМНИ КОНТРОЛНИ НОМЕРА
Koha biblioitemnumber 428062
Наличности
Код за отписване Код за изгубен артикул Източник на класификационната схема Код за повреда Коз за рестрикции Код за отдаване Артикулен № Име на библиотеката - собственик Име на библиотеката, в която се намира в момента Статус (Текущо местоположение) Дата на вписване в системата Местоположение - отдел Цена в лева Инвентарен номер Систематично азбучна сигнатура Баркод Цена в евро Служебен тип на артикула
  Не е изгубен Universal Decimal Classification Не е повреден само за читалня Специални фондове ( старопечатни, редки и ценни, фонд М. Арнаудов) 852630 Регионална библиотека "Любен Каравелов" Русе Регионална библиотека "Любен Каравелов" Русе Редки и ценни 2021-09-17 Редки и ценни 0.26 6745-І Рб 889 900000074054 0.13 Книги
Vip Innovations Ltd, Rousse, Bulgaria 2025